000 00803nam a2200277Ia 4500
003 OSt
005 20221006142854.0
006 a|||||r|||| 00| 0
007 ta
008 221006b |||||||| |||| 00| 0 eng d
020 _c355.00
024 _a7,417
037 _cTextual
040 _aEASL
_cEASL
_beng
041 _2eng
_aeng
082 _aU8.42xM37, M5
100 _aCORTAZZI Hugh Ed.
_9648619
245 0 _aMitford's Japan
_b The memoirs and recollections, 1866-1906, of Algernon Bertram Mitford, the first Lord Redesdale
260 _aLondon
_bAthlone Press
_c1985
300 _a270p.
_ccm.
490 _v JEL
650 _a JEL
650 _aJapan -Description and travel
942 _hU8.42xM37, M5
_cTEXL
_2CC
999 _c1075503
_d1075503